Tell no one / (Record no. 349717)
[ view plain ]
| 000 -LEADER | |
|---|---|
| fixed length control field | 01306aam a2200409 i 4500 |
| 001 - CONTROL NUMBER | |
| control field | ocn310399737 |
| 003 - CONTROL NUMBER IDENTIFIER | |
| control field | OCoLC |
| 005 - DATE AND TIME OF LATEST TRANSACTION | |
| control field | 20200501104215.0 |
| 007 - PHYSICAL DESCRIPTION FIXED FIELD--GENERAL INFORMATION | |
| fixed length control field | t| |
| 008 - FIXED-LENGTH DATA ELEMENTS--GENERAL INFORMATION | |
| fixed length control field | 090220t20092001nyu 000 1 eng d |
| 020 ## - INTERNATIONAL STANDARD BOOK NUMBER | |
| International Standard Book Number | 9780440245902 |
| Qualifying information | paperback |
| 020 ## - INTERNATIONAL STANDARD BOOK NUMBER | |
| International Standard Book Number | 0440245907 |
| Qualifying information | paperback |
| 035 ## - SYSTEM CONTROL NUMBER | |
| System control number | 1219996 |
| 040 ## - CATALOGING SOURCE | |
| Original cataloging agency | BTCTA |
| Transcribing agency | BTCTA |
| Modifying agency | ON8 |
| -- | DIV |
| -- | MR0 |
| -- | TnLvILS |
| -- | UtOrBLW |
| Language of cataloging | eng |
| Description conventions | rda |
| 092 ## - LOCALLY ASSIGNED DEWEY CALL NUMBER (OCLC) | |
| Classification number | fiction |
| 100 1# - MAIN ENTRY--PERSONAL NAME | |
| Personal name | Coben, Harlan, |
| Dates associated with a name | 1962- |
| Relator term | author. |
| Relator code | aut. |
| 9 (RLIN) | 32280 |
| 245 10 - TITLE STATEMENT | |
| Title | Tell no one / |
| Statement of responsibility, etc | a novel by Harlan Coben. |
| 250 ## - EDITION STATEMENT | |
| Edition statement | Dell mass market edition. |
| 264 #1 - Production, Publication, Distribution, Manufacture, and Copyright Notice. | |
| Place of production, publication, distribution, manufacture | New York : |
| Name of producer, publisher, distributor, manufacturer | Dell, |
| Date of production, publication, distribution, manufacture, or copyr | 2009. |
| 264 #4 - Production, Publication, Distribution, Manufacture, and Copyright Notice. | |
| Date of production, publication, distribution, manufacture, or copyr | ©2001. |
| 300 ## - PHYSICAL DESCRIPTION | |
| Extent | 370 pages ; |
| Dimensions | 19 cm. |
| 336 ## - Content Type | |
| Content type term | text |
| 337 ## - Media type | |
| Media type term | unmediated |
| 338 ## - Carrier type | |
| Carrier type term | volume |
| 521 8# - TARGET AUDIENCE NOTE | |
| Target audience note | 540 |
| Source | Lexile. |
| 526 0# - STUDY PROGRAM INFORMATION NOTE | |
| Program name | Accelerated Reader |
| Interest level | UG |
| Reading level | 4.0 |
| Title point value | 12.0 |
| Public note | 67086. |
| 650 #0 - SUBJECT ADDED ENTRY--TOPICAL TERM | |
| Topical term or geographic name as entry element | Physicians |
| Form subdivision | Fiction. |
| 9 (RLIN) | 5679983 |
| 650 #0 - SUBJECT ADDED ENTRY--TOPICAL TERM | |
| Topical term or geographic name as entry element | Fugitives from justice |
| Form subdivision | Fiction. |
| 9 (RLIN) | 5675920 |
| 650 #0 - SUBJECT ADDED ENTRY--TOPICAL TERM | |
| Topical term or geographic name as entry element | Missing persons |
| Form subdivision | Fiction. |
| 9 (RLIN) | 6357100 |
| 650 #0 - SUBJECT ADDED ENTRY--TOPICAL TERM | |
| Topical term or geographic name as entry element | Murder |
| Form subdivision | Fiction. |
| 9 (RLIN) | 5674892 |
| 650 #0 - SUBJECT ADDED ENTRY--TOPICAL TERM | |
| Topical term or geographic name as entry element | Rape |
| Form subdivision | Fiction. |
| 9 (RLIN) | 5702714 |
| 650 #1 - SUBJECT ADDED ENTRY--TOPICAL TERM | |
| Topical term or geographic name as entry element | Missing persons |
| Form subdivision | Fiction. |
| 9 (RLIN) | 6357100 |
| 655 #7 - INDEX TERM--GENRE/FORM | |
| Genre/form data or focus term | Thrillers (Fiction) |
| Source of term | lcgft |
| 9 (RLIN) | 5697221 |
| 655 #7 - INDEX TERM--GENRE/FORM | |
| Genre/form data or focus term | Mystery fiction. |
| Source of term | gsafd. |
| 9 (RLIN) | 6357101 |
| 907 ## - LOCAL DATA ELEMENT G, LDG (RLIN) | |
| a | .b261547434 |
| 942 ## - ADDED ENTRY ELEMENTS (KOHA) | |
| Source of classification or shelving scheme | Dewey Decimal Classification |
| Koha item type | BOOK |
| Withdrawn status | Lost status | Source of classification or shelving scheme | Damaged status | Not for loan | Collection code | Home library | Current library | Shelving location | Date acquired | Source of acquisition | Total Checkouts | Full call number | Barcode | Date last seen | Date checked out | Cost, replacement price | Price effective from | Koha item type |
|---|---|---|---|---|---|---|---|---|---|---|---|---|---|---|---|---|---|---|
| Dewey Decimal Classification | Fiction | Wasatch County Library | Wasatch County Library | First Floor | 03/06/2023 | Donation | 2 | F Coben | 34301001877838 | 02/16/2024 | 12/14/2023 | 7.99 | 03/06/2023 | BOOK |
